| 000 | 00613nam a2200181 4500 | ||
|---|---|---|---|
| 001 | 126684 | ||
| 003 | ES-MaACL | ||
| 005 | 20230906192848.0 | ||
| 007 | t| | ||
| 008 | 070214s1936 sp r ||||1| spa d | ||
| 100 | 1 |
_aRevilla, A. _996424 |
|
| 245 | 1 | 0 |
_aCatálogo de los códices griegos de la Biblioteca de El Escorial / _cA. Revilla. |
| 260 |
_aMadrid : _b[s.n.], _c1936 ( _fImp. Helénica) |
||
| 300 |
_aCXXXIV, 560 p. ; _c25 cm. |
||
| 500 | _aEs el vol. I. Precede al Tit : Patronato de la Biblioteca Nacional. | ||
| 710 | 0 | 0 |
_aBiblioteca Nacional (España). _bPatronato. _92194 |
| 852 |
_aES-MaACL _jB-13904 |
||
| 999 |
_c126684 _d126684 |
||